「ポケモン総選挙720」ワースト30 - Statistics

General Stats
  • This quiz has been taken 235 times
  • The average score is 5 of 36
Answer Stats
Hint Answer % Correct
720位 バオッキー
86%
685位 ヤナッキー
60%
685位 バオップ
47%
709位 マユルド
21%
702位 バスラオ(あかすじのすがた)
16%
715位 ハトーボー
15%
685位 ハスブレロ
14%
692位 ドゴーム
13%
692位 ミノマダム(くさきのミノ)
13%
709位 ゴローン
13%
717位 コロモリ
13%
717位 コマタナ
13%
706位 チョボマキ
11%
692位 クヌギダマ
10%
702位 ニドリーノ
10%
692位 コノハナ
9%
702位 スカンプー
9%
706位 バニリッチ
9%
709位 カブルモ
9%
717位 ヤルキモノ
9%
685位 ジヘッド
8%
700位 ニドラン♀
8%
706位 コロボーシ
8%
709位 コモルー
8%
714位 ドッコラー
8%
685位 マンキー
7%
715位 キバニア
7%
685位 トドグラー
6%
692位 ドンメル
6%
700位 ドードリオ
6%
702位 ドーミラー
6%
709位 ブビィ
6%
685位 モグリュー
4%
692位 プロトーガ
4%
692位 ヒトツキ
4%
692位 ズガイドス
1%
No matching quizzes found
Score Distribution
Percent of People with Each Score
Percentile by Number Answered
Your Score History
You have not taken this quiz